Paroles - Les Cloches - Notre-Dame de Paris - Statistiques

Statistiques générales
  • Ce quiz a été pris 111 fois
  • Le résultat moyen est 312 sur 397
Statistiques - réponses
Réponse % Correct
le
97%
Le
97%
cloches
94%
Les
94%
les
94%
sonne
94%
de
92%
De
92%
se
92%
sonnent
92%
La
90%
la
90%
quand
90%
qui
90%
Ce
89%
que
89%
a
87%
à
87%
Dans
87%
dans
87%
sont
87%
est
85%
et
85%
je
85%
Je
85%
jour
85%
Jour
85%
mes
85%
ne
85%
Quasimodo
85%
ces
84%
des
84%
Il
84%
malheur
84%
plus
84%
pour
84%
Pour
84%
amies
82%
amies,
82%
amoureux
82%
celle
82%
meurt
82%
on
82%
qu'on
82%
trois
82%
cathédrale
81%
Celles
81%
celles
81%
en
81%
enfants
81%
joie
81%
jours
81%
jours,
81%
malheureux
81%
Marie
81%
tous
81%
triste
81%
d'amour
79%
Depuis
79%
fait
79%
fou
79%
grève
79%
heure
79%
ou
79%
Ou
79%
qu'il
79%
Qu'il
79%
ses
79%
toutes
79%
Toutes
79%
tue
79%
amantes
77%
déjà
77%
grosse
77%
marient
77%
Parce
77%
petite
77%
s'est
77%
terre
77%
y
77%
fête
76%
Fête
76%
grande
76%
met
76%
Noël
76%
c'est
74%
C'est
74%
comme
74%
heures
74%
meilleures
74%
Rameaux
74%
veux
74%
amants
73%
amours,
73%
femme
73%
Mais
73%
Moi
73%
moi
73%
pleure
73%
qu'elles
73%
Saint
73%
si
73%
Si
73%
Valentin
73%
Vendredi
73%
vente
73%
aime
71%
Au
71%
au
71%
cœur
71%
pas
71%
pleuve
71%
Esmeralda
69%
l'an,
69%
marins
69%
mer
69%
partent
69%
tourmente
69%
Toussaint
69%
bonne
68%
claironnent,
68%
claironnent
68%
j'ai
68%
lève
68%
mourir
68%
parmi
68%
préfère
68%
prie
68%
voir
68%
heureux
66%
jamais
66%
nuits,
66%
plutôt
66%
rire
66%
tambourinent
66%
belle
65%
femmes
65%
fer
65%
monde
65%
tonne
65%
chantent
63%
joyeux
63%
l'aurais
63%
rois
63%
bonheur
61%
dire
61%
peuple
61%
s'envoler
61%
yeux
61%
naît
60%
regardera
60%
résonnent
60%
communions
58%
Dieu
58%
grêle
58%
qu'aucune
58%
Résurrection
58%
vivante
58%
feu
56%
l'Assomption
56%
processions
56%
appelle
55%
alléluia
53%
n'ont
53%
avec
52%
langues
52%
l'Annonciation
52%
Pâques,
52%
célébrations
50%
convoler
50%
dies
50%
encore
50%
hosanna
50%
Hosanna
50%
irae
48%
cieux
47%
l'Ascension
47%
confirmations
45%
illa
45%
sonnées
45%
sous
40%
voûte
40%
Kyrie
39%
L'Angélus
39%
Pentecôte
39%
étoiles
35%
Eleison
34%
glas,
31%
milieu
29%
Aucun quiz correspondant
Distribution des résultats
% des personnes avec chaque résultat
Percentile par nombre de réponses
Votre historique - résultats
Vous n’avez pas pris ce quiz